| 000 | 00506nam a2200181Ia 4500 | ||
|---|---|---|---|
| 005 | 20250508162356.0 | ||
| 008 | 008 250505s9999 xx 000 0 hin d | ||
| 037 | _aTextual | ||
| 040 |
_aFEDL _beng _cFEDL |
||
| 041 |
_ahin _2eng |
||
| 084 |
_a954.01, YAZ _qFEDL |
||
| 100 | _aYazdani G | ||
| 245 | 0 | _aDeccan ka prachin itihas | |
| 260 |
_aNew Delhi, India _bThe Macmillan Company of India Limited _c1977 |
||
| 300 | _a791p. | ||
| 942 |
_cTEXL _h954.01, YAZ |
||
| 999 |
_c1376163 _d1376163 |
||